Detalles MARC
| 000 -LEADER |
| fixed length control field |
01541 am a2200349 a 4500 |
| 005 - FECHA ULTIMA MODIFICACION |
| control field |
20240524091542.0 |
| 008 - CAMPO DE CONTROL (LIBRO) |
| fixed length control field |
100427s2009||||mx a f |||| 001 0 spa d |
| 020 ## - INTERNATIONAL STANDARD BOOK NUMBER |
| ISBN |
9786077504337 |
| 041 ## - CODIGO DE IDIOMA |
| Código de idioma del texto/pista de sonido o título separado |
spa |
| 092 ## - SIGNATURA TOPOGRAFICA DEWEY LOCAL |
| número de clasificación |
617.5 |
| libristica |
66 |
| sección |
PER |
| 100 1# - ENTRADA PRINCIPAL--NOMBRE PERSONAL |
| Nombre personal |
Pérez Castro y Vázquez, Jorge A. |
| 9 (RLIN) |
578 |
| 245 ## - TITULO PROPIAMENTE DICHO |
| Título |
Seguridad del paciente. |
| Subtítulo y Título paralelo |
Una prioridad nacional / |
| Mención de responsabilidad y remanente de la transcripción de la portada |
Jorge A. Pérez Castro y Vázquez. |
| 250 ## - MENCION DE EDICION |
| Mención de edición |
1a ed. |
| Mención de responsabilidad relacionada con la ed. |
Colección Platino Academia Mexicana de Cirugía |
| 260 ## - PIE DE IMPRENTA |
| Lugar de publicación, distribución, etc |
México: |
| Nombre de la editorial, distribuidor, etc |
Alfil; |
| Fecha de publicación |
2009. |
| 300 ## - DESCRIPCION FISICA |
| Extension |
109 p. |
| 500 ## - NOTA GENERAL |
| Nota general |
Pérez Castro y Vázquez, J. A. (2009). Seguridad del paciente. Una prioridad nacional. (1a ed.). México : Alfil. |
| 590 ## - NOTAS LOCALES (RLIN) |
| Nota local |
Donación Academia Mexicana de Cirugía, 2010 |
| 653 ## - TÉRMINO INDIZADO - PALABRAS CLAVES |
| Palabra clave |
Identificación correcta del paciente |
| 653 ## - TÉRMINO INDIZADO - PALABRAS CLAVES |
| Palabra clave |
Prevención de caídas de los pacientes |
| 653 ## - TÉRMINO INDIZADO - PALABRAS CLAVES |
| Palabra clave |
Prevención de úlceras por presión |
| 653 ## - TÉRMINO INDIZADO - PALABRAS CLAVES |
| Palabra clave |
Prescripción y escritura correctas de ordenes médicas |
| 653 ## - TÉRMINO INDIZADO - PALABRAS CLAVES |
| Palabra clave |
Cirugía equívoca |
| 653 ## - TÉRMINO INDIZADO - PALABRAS CLAVES |
| Palabra clave |
Infección de sitio quirúrgico como indicador de calidad de los servicios quirúrgicos |
| 653 ## - TÉRMINO INDIZADO - PALABRAS CLAVES |
| Palabra clave |
Complicaciones posoperatorias. Cuerpo extraño u oblito después de una intervención quirúrgica |
| 653 ## - TÉRMINO INDIZADO - PALABRAS CLAVES |
| Palabra clave |
Prevención de accidentes por el uso de energía en cirugía |
| 653 ## - TÉRMINO INDIZADO - PALABRAS CLAVES |
| Palabra clave |
Seguridad en la terapia intravenosa |
| 653 ## - TÉRMINO INDIZADO - PALABRAS CLAVES |
| Palabra clave |
Manejo de agujas y punzocortantes |
| 653 ## - TÉRMINO INDIZADO - PALABRAS CLAVES |
| Palabra clave |
Administración segura de medicamentos |
| 653 ## - TÉRMINO INDIZADO - PALABRAS CLAVES |
| Palabra clave |
Verificación de instrumental y dispositivos médicos |
| 930 ## - NUMERO DE INVENTARIO |
| Número de inventario |
2102 |
| 942 ## - ADDED ENTRY ELEMENTS (KOHA) |
| Source of classification or shelving scheme |
Dewey Decimal Classification |
| Item type |
Libros |